[Event "Benidorm Satellite - Final"]
[Site "playchess.com #007059"]
[Date "2009.10.24"]
[Round "2"]
[White "Kendo"]
[Black "Maximums"]
[Result "0-1"]
[WhiteElo "2683"]
[BlackElo "2706"]
[PlyCount "204"]
[EventDate "2009.10.24"]
[EventType "tourn (blitz)"]

1. e4 {[%emt 0:00:01]} c5 {[%emt 0:00:01]} 2. Nf3 {[%emt 0:00:01]} d6 {[%emt 0:
00:01]} 3. Bb5+ {[%emt 0:00:01]} Bd7 {[%emt 0:00:01]} 4. Bxd7+ {[%emt 0:00:01]}
Qxd7 {[%emt 0:00:01]} 5. O-O {[%emt 0:00:00]} Nf6 {[%emt 0:00:01]} 6. Qe2 {
[%emt 0:00:02]} g6 {[%emt 0:00:01]} 7. e5 {[%emt 0:00:03]} dxe5 {[%emt 0:00:03]
} 8. Nxe5 {[%emt 0:00:00]} Qc8 {[%emt 0:00:08]} 9. Re1 {[%emt 0:00:08]} Nc6 {
[%emt 0:00:06]} 10. Na3 {[%emt 0:00:20]} Nd4 {[%emt 0:00:15]} 11. Qc4 {[%emt 0:
00:06]} e6 {[%emt 0:00:07]} 12. Qa4+ {[%emt 0:00:14]} Nd7 {[%emt 0:00:08]} 13.
c3 {[%emt 0:00:08]} Nf5 {[%emt 0:00:04]} 14. d4 {[%emt 0:00:10]} cxd4 {[%emt 0:
00:21]} 15. cxd4 {[%emt 0:00:13]} Bg7 {[%emt 0:00:08]} 16. Nac4 {[%emt 0:00:22]
} Bxe5 {[%emt 0:00:25]} 17. Nxe5 {[%emt 0:00:03]} a6 {[%emt 0:00:17]} 18. Bf4 {
[%emt 0:00:21]} b5 {[%emt 0:00:02]} 19. Qb4 {[%emt 0:00:03]} Nf6 {[%emt 0:00:
18]} 20. Rac1 {[%emt 0:00:06]} Qb7 {[%emt 0:00:01]} 21. Nc6 {[%emt 0:00:37]}
Nd5 {[%emt 0:00:12]} 22. Qc5 {[%emt 0:00:05]} Nxf4 {[%emt 0:00:14]} 23. Qe5 {
[%emt 0:00:33]} O-O {[%emt 0:00:12] '} 24. Qxf4 {[%emt 0:00:01]} Rac8 {[%emt 0:
00:01]} 25. Ne5 {[%emt 0:00:02]} Qd5 {[%emt 0:00:05]} 26. b3 {[%emt 0:00:08] .}
Qxd4 {[%emt 0:00:06]} 27. Qxd4 {[%emt 0:00:01]} Nxd4 {[%emt 0:00:01]} 28. Kf1 {
[%emt 0:00:00]} Kg7 {[%emt 0:00:05]} 29. Red1 {[%emt 0:00:02]} Nf5 {[%emt 0:00:
08]} 30. Rxc8 {[%emt 0:00:04]} Rxc8 {[%emt 0:00:01]} 31. Rd7 {[%emt 0:00:00]}
Rc1+ {[%emt 0:00:07]} 32. Ke2 {[%emt 0:00:01]} Rc2+ {[%emt 0:00:01]} 33. Ke1 {
[%emt 0:00:02]} Rxa2 {[%emt 0:00:04]} 34. Rxf7+ {[%emt 0:00:01]} Kg8 {[%emt 0:
00:02]} 35. Ra7 {[%emt 0:00:05]} Nd4 {[%emt 0:00:07]} 36. Ng4 {[%emt 0:00:04]}
Nxb3 {[%emt 0:00:05]} 37. Nf6+ {[%emt 0:00:01]} Kf8 {[%emt 0:00:01]} 38. Nxh7+
{[%emt 0:00:00]} Ke8 {[%emt 0:00:00]} 39. Nf6+ {[%emt 0:00:00]} Kd8 {[%emt 0:
00:01]} 40. h4 {[%emt 0:00:02]} b4 {[%emt 0:00:02]} 41. g4 {[%emt 0:00:02]} Nd4
{[%emt 0:00:02]} 42. Rd7+ {[%emt 0:00:02]} Kc8 {[%emt 0:00:02]} 43. Rxd4 {
[%emt 0:00:02]} a5 {[%emt 0:00:02]} 44. Rd2 {[%emt 0:00:06]} b3 {[%emt 0:00:04]
} 45. Ne4 {[%emt 0:00:03]} a4 {[%emt 0:00:05]} 46. Nc3 {[%emt 0:00:02]} Ra1+ {
[%emt 0:00:05]} 47. Rd1 {[%emt 0:00:01]} b2 {[%emt 0:00:02]} 48. Nb1 {[%emt 0:
00:02]} Rxb1 {[%emt 0:00:03]} 49. Rxb1 {[%emt 0:00:03]} a3 {[%emt 0:00:00]} 50.
Kd2 {[%emt 0:00:04]} a2 {[%emt 0:00:01]} 51. Kc2 {[%emt 0:00:02]} a1=Q {[%emt
0:00:02]} 52. Rxb2 {[%emt 0:00:02]} Qg1 {[%emt 0:00:01]} 53. h5 {[%emt 0:00:02]
} Qxg4 {[%emt 0:00:02]} 54. hxg6 {[%emt 0:00:01]} Qxg6+ {[%emt 0:00:01]} 55.
Kd1 {[%emt 0:00:01]} Qd3+ {[%emt 0:00:02]} 56. Rd2 {[%emt 0:00:01]} Qf3+ {
[%emt 0:00:01]} 57. Ke1 {[%emt 0:00:02]} Kc7 {[%emt 0:00:01]} 58. Re2 {[%emt 0:
00:01]} Kd6 {[%emt 0:00:02]} 59. Re3 {[%emt 0:00:00]} Qf4 {[%emt 0:00:01]} 60.
Ke2 {[%emt 0:00:02]} Ke7 {[%emt 0:00:01]} 61. Ke1 {[%emt 0:00:02]} e5 {[%emt 0:
00:01]} 62. Ke2 {[%emt 0:00:01]} Ke6 {[%emt 0:00:00]} 63. Ke1 {[%emt 0:00:02]}
Kd5 {[%emt 0:00:01]} 64. Ke2 {[%emt 0:00:02]} Qc4+ {[%emt 0:00:01]} 65. Ke1 {
[%emt 0:00:03]} Qc2 {[%emt 0:00:01]} 66. Kf1 {[%emt 0:00:01]} Kd4 {[%emt 0:00:
02]} 67. Rg3 {[%emt 0:00:01]} e4 {[%emt 0:00:01]} 68. Ke1 {[%emt 0:00:03]} Qc1+
{[%emt 0:00:08]} 69. Ke2 {[%emt 0:00:01]} Qh1 {[%emt 0:00:01]} 70. Re3 {[%emt
0:00:05]} Qh4 {[%emt 0:00:03]} 71. Rg3 {[%emt 0:00:02]} Ke5 {[%emt 0:00:03]}
72. Re3 {[%emt 0:00:05]} Kf4 {[%emt 0:00:01]} 73. Ke1 {[%emt 0:00:03]} Qh1+ {
[%emt 0:00:03]} 74. Ke2 {[%emt 0:00:01]} Qh5+ {[%emt 0:00:01]} 75. Ke1 {[%emt
0:00:01]} Qb5 {[%emt 0:00:01]} 76. Rg3 {[%emt 0:00:02]} Qc4 {[%emt 0:00:01]}
77. Re3 {[%emt 0:00:03]} Qc1+ {[%emt 0:00:02]} 78. Ke2 {[%emt 0:00:01]} Qc2+ {
[%emt 0:00:02]} 79. Ke1 {[%emt 0:00:01]} Qb2 {[%emt 0:00:03]} 80. Rg3 {[%emt 0:
00:03]} Qb1+ {[%emt 0:00:04]} 81. Ke2 {[%emt 0:00:01]} Qc2+ {[%emt 0:00:01]}
82. Ke1 {[%emt 0:00:01]} Qc5 {[%emt 0:00:02]} 83. Ke2 {[%emt 0:00:01]} Qd4 {
[%emt 0:00:02]} 84. Ke1 {[%emt 0:00:03]} Qb2 {[%emt 0:00:05]} 85. Re3 {[%emt 0:
00:02]} Kf5 {[%emt 0:00:02]} 86. Rg3 {[%emt 0:00:03]} Ke5 {[%emt 0:00:01]} 87.
Rg5+ {[%emt 0:00:04]} Kd4 {[%emt 0:00:02]} 88. Rg3 {[%emt 0:00:00]} Qc1+ {
[%emt 0:00:01]} 89. Ke2 {[%emt 0:00:01]} Qc4+ {[%emt 0:00:01]} 90. Ke1 {[%emt
0:00:01]} Qc2 {[%emt 0:00:01]} 91. Re3 {[%emt 0:00:01]} Qa2 {[%emt 0:00:03]}
92. Rg3 {[%emt 0:00:01]} Qa5+ {[%emt 0:00:04]} 93. Ke2 {[%emt 0:00:01]} Qc7 {
[%emt 0:00:01]} 94. Ke1 {[%emt 0:00:10]} Qf4 {[%emt 0:00:01]} 95. Ke2 {[%emt 0:
00:01]} Qc1 {[%emt 0:00:11]} 96. Re3 {[%emt 0:00:02]} Qxe3+ {[%emt 0:00:02]}
97. fxe3+ {[%emt 0:00:01]} Kc3 {[%emt 0:00:01]} 98. Kf2 {[%emt 0:00:05]} Kd2 {
[%emt 0:00:01]} 99. Kf1 {[%emt 0:00:02]} Kxe3 {[%emt 0:00:01]} 100. Ke1 {[%emt
0:00:01]} Kd3 {[%emt 0:00:01]} 101. Kd1 {[%emt 0:00:01]} e3 {[%emt 0:00:01]}
102. Ke1 {[%emt 0:00:02]} e2 {[%emt 0:00:01] Kendo gibt auf} 0-1

[Event "Benidorm Satellite - Final"]
[Site "playchess.com #007059"]
[Date "2009.10.24"]
[Round "3"]
[White "Yang Guo"]
[Black "Antoine2"]
[Result "1-0"]
[WhiteElo "2869"]
[BlackElo "2872"]
[PlyCount "77"]
[EventDate "2009.10.24"]
[EventType "tourn (blitz)"]

1. e4 {[%emt 0:00:01]} e6 {[%emt 0:00:00]} 2. d4 {[%emt 0:00:01]} d5 {[%emt 0:
00:00]} 3. Nc3 {[%emt 0:00:01]} Nf6 {[%emt 0:00:01]} 4. Bg5 {[%emt 0:00:01]}
Bb4 {[%emt 0:00:00]} 5. e5 {[%emt 0:00:01]} h6 {[%emt 0:00:00]} 6. Be3 {[%emt
0:00:01]} Ne4 {[%emt 0:00:00]} 7. Qg4 {[%emt 0:00:01]} g6 {[%emt 0:00:00]} 8.
a3 {[%emt 0:00:01]} Bxc3+ {[%emt 0:00:01]} 9. bxc3 {[%emt 0:00:00]} Nxc3 {
[%emt 0:00:00]} 10. Bd3 {[%emt 0:00:01]} Nc6 {[%emt 0:00:00]} 11. h4 {[%emt 0:
00:01]} Ne7 {[%emt 0:00:00]} 12. h5 {[%emt 0:00:02]} g5 {[%emt 0:00:01]} 13.
Ne2 {[%emt 0:00:00]} Nxe2 {[%emt 0:00:00]} 14. Qxe2 {[%emt 0:00:00]} c5 {[%emt
0:00:00]} 15. dxc5 {[%emt 0:00:00]} Nc6 {[%emt 0:00:00]} 16. O-O {[%emt 0:00:
02]} Qc7 {[%emt 0:00:01]} 17. f4 {[%emt 0:00:01]} Rg8 {[%emt 0:00:01]} 18. fxg5
{[%emt 0:00:29]} Nxe5 {[%emt 0:00:17]} 19. gxh6 {[%emt 0:00:33]} Ng4 {[%emt 0:
00:02]} 20. Bf4 {[%emt 0:00:04]} Qxc5+ {[%emt 0:00:01]} 21. Kh1 {[%emt 0:00:02]
} Qe7 {[%emt 0:00:28]} 22. h7 {[%emt 0:00:18]} Qh4+ {[%emt 0:00:02]} 23. Kg1 {
[%emt 0:00:01]} Rh8 {[%emt 0:00:00]} 24. Be5 {[%emt 0:00:09]} Bd7 {[%emt 0:00:
10]} 25. g3 {[%emt 0:00:17]} Qh3 {[%emt 0:00:30]} 26. Bxh8 {[%emt 0:00:03]}
Qxg3+ {[%emt 0:00:01]} 27. Qg2 {[%emt 0:00:01]} Qe3+ {[%emt 0:00:01]} 28. Kh1 {
[%emt 0:00:03]} Qg5 {[%emt 0:00:04]} 29. Bd4 {[%emt 0:00:39]} Qxh5+ {[%emt 0:
00:01]} 30. Kg1 {[%emt 0:00:00]} O-O-O {[%emt 0:00:01]} 31. h8=Q {[%emt 0:00:
01]} Rxh8 {[%emt 0:00:01]} 32. Bxh8 {[%emt 0:00:00]} e5 {[%emt 0:00:04]} 33.
Be2 {[%emt 0:00:07]} f5 {[%emt 0:00:10]} 34. Bxe5 {[%emt 0:00:04]} Bc6 {[%emt
0:00:04]} 35. Bd4 {[%emt 0:00:03]} Qh4 {[%emt 0:00:02]} 36. Rxf5 {[%emt 0:00:
03]} Nh6 {[%emt 0:00:03]} 37. Rf8+ {[%emt 0:00:04]} Kc7 {[%emt 0:00:02]} 38.
Qh2+ {[%emt 0:00:03]} Qxh2+ {[%emt 0:00:02]} 39. Kxh2 {[%emt 0:00:00] Antoine2
abandonne} 1-0

[Event "Benidorm Satellite - Final"]
[Site "playchess.com #007059"]
[Date "2009.10.24"]
[Round "3"]
[White "Dr-Bassem"]
[Black "Kendo"]
[Result "1-0"]
[WhiteElo "2822"]
[BlackElo "2667"]
[PlyCount "51"]
[EventDate "2009.10.24"]
[EventType "tourn (blitz)"]

1. e4 {[%emt 0:00:01]} e6 {[%emt 0:00:01]} 2. d3 {[%emt 0:00:01]} d5 {[%emt 0:
00:01]} 3. Nd2 {[%emt 0:00:00]} Nf6 {[%emt 0:00:01]} 4. Ngf3 {[%emt 0:00:00]}
b6 {[%emt 0:00:01]} 5. e5 {[%emt 0:00:06]} Nfd7 {[%emt 0:00:01]} 6. g3 {[%emt
0:00:00]} c5 {[%emt 0:00:03]} 7. Nb3 {[%emt 0:00:01]} Nc6 {[%emt 0:00:13]} 8.
Bf4 {[%emt 0:00:01]} f6 {[%emt 0:00:11]} 9. exf6 {[%emt 0:00:08]} Qxf6 {[%emt
0:00:00]} 10. c3 {[%emt 0:00:06]} h6 {[%emt 0:00:14]} 11. Bg2 {[%emt 0:00:07]}
g5 {[%emt 0:00:09]} 12. Be3 {[%emt 0:00:06]} Bb7 {[%emt 0:00:04]} 13. d4 {
[%emt 0:00:08]} Ba6 {[%emt 0:00:17]} 14. a4 {[%emt 0:01:22]} Bc4 {[%emt 0:00:
10]} 15. a5 {[%emt 0:00:02]} Bxb3 {[%emt 0:00:06]} 16. Qxb3 {[%emt 0:00:00]} c4
{[%emt 0:00:22]} 17. Qb5 {[%emt 0:00:11]} Rc8 {[%emt 0:00:09]} 18. axb6 {[%emt
0:00:02]} axb6 {[%emt 0:00:00]} 19. O-O {[%emt 0:00:10]} Bd6 {[%emt 0:00:03]}
20. Ne5 {[%emt 0:00:06]} Ndxe5 {[%emt 0:00:23]} 21. dxe5 {[%emt 0:00:00]} Bxe5
{[%emt 0:00:01]} 22. f4 {[%emt 0:00:24]} gxf4 {[%emt 0:00:07]} 23. gxf4 {[%emt
0:00:00]} Bd6 {[%emt 0:00:13]} 24. Bd4 {[%emt 0:00:01]} Qf8 {[%emt 0:00:14]}
25. Bxh8 {[%emt 0:00:02]} Bc5+ {[%emt 0:00:03] Kendo gibt auf} 26. Bd4 {[%emt
0:00:04]} 1-0

[Event "Benidorm Satellite - Final"]
[Site "playchess.com #007059"]
[Date "2009.10.24"]
[Round "3"]
[White "Mateusz-Morfeusz"]
[Black "Novoselski"]
[Result "0-1"]
[WhiteElo "2495"]
[BlackElo "2728"]
[PlyCount "86"]
[EventDate "2009.10.24"]
[EventType "tourn (blitz)"]

1. e4 {[%emt 0:00:02]} c5 {[%emt 0:00:01]} 2. Nc3 {[%emt 0:00:05]} Nc6 {[%emt
0:00:02]} 3. f4 {[%emt 0:00:03]} d6 {[%emt 0:00:02]} 4. Bc4 {[%emt 0:00:03]}
Nf6 {[%emt 0:00:01]} 5. d3 {[%emt 0:00:06]} a6 {[%emt 0:00:01]} 6. Nf3 {[%emt
0:00:03]} Bg4 {[%emt 0:00:03]} 7. h3 {[%emt 0:00:06]} Bxf3 {[%emt 0:00:02]} 8.
Qxf3 {[%emt 0:00:04]} Nd4 {[%emt 0:00:01]} 9. Qf2 {[%emt 0:00:08]} b5 {[%emt 0:
00:01]} 10. Bb3 {[%emt 0:00:02]} e6 {[%emt 0:00:13]} 11. O-O {[%emt 0:00:09]}
Be7 {[%emt 0:00:01]} 12. e5 {[%emt 0:00:13]} Nd7 {[%emt 0:00:11]} 13. f5 {
[%emt 0:00:20]} exf5 {[%emt 0:00:14]} 14. exd6 {[%emt 0:00:11]} Bxd6 {[%emt 0:
00:01]} 15. Bf4 {[%emt 0:00:34]} Bxf4 {[%emt 0:00:06]} 16. Qxf4 {[%emt 0:00:05]
} O-O {[%emt 0:00:01]} 17. Rae1 {[%emt 0:00:06]} g6 {[%emt 0:00:15]} 18. Re3 {
[%emt 0:00:59]} Nf6 {[%emt 0:00:08]} 19. Rg3 {[%emt 0:00:02]} Nh5 {[%emt 0:00:
07]} 20. Qh6 {[%emt 0:00:02]} Nxg3 {[%emt 0:00:05]} 21. Rf4 {[%emt 0:00:02]}
Nde2+ {[%emt 0:00:03]} 22. Nxe2 {[%emt 0:00:04]} Nxe2+ {[%emt 0:00:01]} 23. Kf2
{[%emt 0:00:01]} Nxf4 {[%emt 0:00:01]} 24. Qxf4 {[%emt 0:00:00]} Qd4+ {[%emt 0:
00:01]} 25. Qxd4 {[%emt 0:00:01]} cxd4 {[%emt 0:00:00]} 26. Kf3 {[%emt 0:00:01]
} Rfe8 {[%emt 0:00:01]} 27. g4 {[%emt 0:00:00]} Re3+ {[%emt 0:00:02]} 28. Kf4 {
[%emt 0:00:02]} fxg4 {[%emt 0:00:02]} 29. hxg4 {[%emt 0:00:02]} Kg7 {[%emt 0:
00:00]} 30. g5 {[%emt 0:00:07]} Rae8 {[%emt 0:00:03]} 31. Bd5 {[%emt 0:00:01]}
Re2 {[%emt 0:00:02]} 32. Bb3 {[%emt 0:00:02]} R8e5 {[%emt 0:00:02]} 33. a4 {
[%emt 0:00:03]} Rf5+ {[%emt 0:00:01]} 34. Kg4 {[%emt 0:00:02]} Rg2+ {[%emt 0:
00:01]} 35. Kh3 {[%emt 0:00:01]} Rgxg5 {[%emt 0:00:01]} 36. axb5 {[%emt 0:00:
06]} axb5 {[%emt 0:00:02]} 37. c4 {[%emt 0:00:09]} dxc3 {[%emt 0:00:02]} 38.
bxc3 {[%emt 0:00:01]} Rf3+ {[%emt 0:00:01]} 39. Kh4 {[%emt 0:00:01]} h6 {[%emt
0:00:01]} 40. c4 {[%emt 0:00:02]} Rxd3 {[%emt 0:00:02]} 41. cxb5 {[%emt 0:00:
02]} Rxb3 {[%emt 0:00:02]} 42. b6 {[%emt 0:00:01]} Rb1 {[%emt 0:00:01]} 43. b7
{[%emt 0:00:01]} Rh1# {[%emt 0:00:03]} 0-1

[Event "Benidorm Satellite - Final"]
[Site "playchess.com #007059"]
[Date "2009.10.24"]
[Round "3"]
[White "Maximums"]
[Black "High_me"]
[Result "0-1"]
[WhiteElo "2722"]
[BlackElo "2613"]
[PlyCount "170"]
[EventDate "2009.10.24"]
[EventType "tourn (blitz)"]

1. d4 {[%emt 0:00:01]} Nf6 {[%emt 0:00:01]} 2. Nf3 {[%emt 0:00:02]} g6 {[%emt
0:00:01]} 3. c4 {[%emt 0:00:00]} Bg7 {[%emt 0:00:01]} 4. Nc3 {[%emt 0:00:01]}
O-O {[%emt 0:00:00]} 5. Bf4 {[%emt 0:00:01]} d6 {[%emt 0:00:04]} 6. e3 {[%emt
0:00:01]} b6 {[%emt 0:00:09]} 7. h3 {[%emt 0:00:02]} Bb7 {[%emt 0:00:00]} 8.
Be2 {[%emt 0:00:01]} Nbd7 {[%emt 0:00:02]} 9. O-O {[%emt 0:00:01]} e6 {[%emt 0:
00:05]} 10. Qc2 {[%emt 0:00:03]} Qe7 {[%emt 0:00:02]} 11. Bh2 {[%emt 0:00:03]}
a6 {[%emt 0:00:03]} 12. Rfd1 {[%emt 0:00:02]} Rac8 {[%emt 0:00:01]} 13. b4 {
[%emt 0:00:04]} Rfd8 {[%emt 0:00:05]} 14. a3 {[%emt 0:00:04]} Ne8 {[%emt 0:00:
11]} 15. Rab1 {[%emt 0:00:11]} e5 {[%emt 0:00:25]} 16. dxe5 {[%emt 0:00:05]}
Nxe5 {[%emt 0:00:03]} 17. Nd5 {[%emt 0:00:03]} Qf8 {[%emt 0:00:32]} 18. a4 {
[%emt 0:00:41]} Bc6 {[%emt 0:00:28]} 19. a5 {[%emt 0:00:11]} bxa5 {[%emt 0:00:
19]} 20. bxa5 {[%emt 0:00:04]} Nxf3+ {[%emt 0:00:22]} 21. Bxf3 {[%emt 0:00:01]}
Ba8 {[%emt 0:00:05]} 22. Be2 {[%emt 0:00:13]} Nf6 {[%emt 0:00:02]} 23. Nb4 {
[%emt 0:00:09]} Bb7 {[%emt 0:00:12]} 24. c5 {[%emt 0:00:04]} dxc5 {[%emt 0:00:
08]} 25. Nxa6 {[%emt 0:00:02]} Be4 {[%emt 0:00:01]} 26. Qxc5 {[%emt 0:00:08]}
Bxb1 {[%emt 0:00:06]} 27. Rxb1 {[%emt 0:00:04]} Ne4 {[%emt 0:00:07]} 28. Qxf8+
{[%emt 0:00:06]} Bxf8 {[%emt 0:00:00]} 29. Rc1 {[%emt 0:00:48] .} Ra8 {[%emt 0:
00:20]} 30. Bxc7 {[%emt 0:00:20]} Rdc8 {[%emt 0:00:01]} 31. Bg4 {[%emt 0:00:21]
} f5 {[%emt 0:00:01]} 32. Be2 {[%emt 0:00:01]} h5 {[%emt 0:00:05]} 33. h4 {
[%emt 0:00:02]} Kh7 {[%emt 0:00:03]} 34. g3 {[%emt 0:00:01]} Nc5 {[%emt 0:00:
01]} 35. Nxc5 {[%emt 0:00:03]} Rxc7 {[%emt 0:00:01]} 36. Nb3 {[%emt 0:00:03]}
Rxc1+ {[%emt 0:00:01]} 37. Nxc1 {[%emt 0:00:00]} Rxa5 {[%emt 0:00:00]} 38. Nd3
{[%emt 0:00:01]} Ra2 {[%emt 0:00:01]} 39. Nf4 {[%emt 0:00:01]} Bd6 {[%emt 0:00:
01]} 40. Bc4 {[%emt 0:00:01]} Ra1+ {[%emt 0:00:01]} 41. Kg2 {[%emt 0:00:01]}
Bxf4 {[%emt 0:00:03]} 42. gxf4 {[%emt 0:00:01]} Kg7 {[%emt 0:00:00]} 43. Bd5 {
[%emt 0:00:01]} Rd1 {[%emt 0:00:02]} 44. Bc4 {[%emt 0:00:01]} Rd2 {[%emt 0:00:
01]} 45. Bb3 {[%emt 0:00:01]} Kf6 {[%emt 0:00:01]} 46. Bc4 {[%emt 0:00:01]} Rc2
{[%emt 0:00:01]} 47. Bb3 {[%emt 0:00:01]} Rb2 {[%emt 0:00:01]} 48. Bc4 {[%emt
0:00:01]} Ke7 {[%emt 0:00:01]} 49. Bd5 {[%emt 0:00:01]} Rd2 {[%emt 0:00:04]}
50. Bc4 {[%emt 0:00:01] Maximums offers a draw} Kd7 {[%emt 0:00:10]} 51. Bf7 {
[%emt 0:00:02]} Rd6 {[%emt 0:00:01]} 52. Kf3 {[%emt 0:00:03]} Rf6 {[%emt 0:00:
01]} 53. Bb3 {[%emt 0:00:03]} Kd6 {[%emt 0:00:00]} 54. Bc4 {[%emt 0:00:02]} Kc5
{[%emt 0:00:00]} 55. Ba2 {[%emt 0:00:02]} Ra6 {[%emt 0:00:01]} 56. Bf7 {[%emt
0:00:02]} Kb4 {[%emt 0:00:01]} 57. Ke2 {[%emt 0:00:02]} Kc3 {[%emt 0:00:02]}
58. Be8 {[%emt 0:00:01]} Rb6 {[%emt 0:00:02]} 59. Bf7 {[%emt 0:00:02]} Kc2 {
[%emt 0:00:06]} 60. Be8 {[%emt 0:00:01]} Rf6 {[%emt 0:00:01]} 61. Ke1 {[%emt 0:
00:03]} Kd3 {[%emt 0:00:02]} 62. Bb5+ {[%emt 0:00:02]} Ke4 {[%emt 0:00:07]} 63.
Ke2 {[%emt 0:00:01]} Rb6 {[%emt 0:00:03]} 64. Bd3+ {[%emt 0:00:04]} Kd5 {[%emt
0:00:00]} 65. Kf3 {[%emt 0:00:01]} Kc5 {[%emt 0:00:04]} 66. Bc2 {[%emt 0:00:02]
} Rb4 {[%emt 0:00:03]} 67. Bd3 {[%emt 0:00:04]} Rb3 {[%emt 0:00:01]} 68. Bc2 {
[%emt 0:00:01]} Ra3 {[%emt 0:00:01]} 69. Bd1 {[%emt 0:00:04]} Ra1 {[%emt 0:00:
01]} 70. Bb3 {[%emt 0:00:01]} Rh1 {[%emt 0:00:02]} 71. Kg3 {[%emt 0:00:02]} Kb4
{[%emt 0:00:01]} 72. Bf7 {[%emt 0:00:01]} Kc3 {[%emt 0:00:00]} 73. Kg2 {[%emt
0:00:01]} Rxh4 {[%emt 0:00:01]} 74. f3 {[%emt 0:00:02]} Kd2 {[%emt 0:00:01]}
75. Kf2 {[%emt 0:00:10]} Rh2+ {[%emt 0:00:04]} 76. Kg3 {[%emt 0:00:01]} Rh1 {
[%emt 0:00:04]} 77. Kf2 {[%emt 0:00:01]} Re1 {[%emt 0:00:04]} 78. Bxg6 {[%emt
0:00:03]} h4 {[%emt 0:00:04]} 79. Bxf5 {[%emt 0:00:02]} Re2+ {[%emt 0:00:00]}
80. Kg1 {[%emt 0:00:04]} Kxe3 {[%emt 0:00:00]} 81. Bg4 {[%emt 0:00:04]} Kxf4 {
[%emt 0:00:01]} 82. Bd7 {[%emt 0:00:03]} Kg3 {[%emt 0:00:01]} 83. Kf1 {[%emt 0:
00:01]} Rf2+ {[%emt 0:00:04]} 84. Kg1 {[%emt 0:00:01]} Rb2 {[%emt 0:00:01]} 85.
Kf1 {[%emt 0:00:01]} h3 {[%emt 0:00:01] Maximums resigns} 0-1

[Event "Benidorm Satellite - Final"]
[Site "playchess.com #007059"]
[Date "2009.10.24"]
[Round "4"]
[White "Novoselski"]
[Black "Yang Guo"]
[Result "1-0"]
[WhiteElo "2735"]
[BlackElo "2886"]
[PlyCount "47"]
[EventDate "2009.10.24"]
[EventType "tourn (blitz)"]

1. e4 {[%emt 0:00:01]} e6 {[%emt 0:00:00]} 2. d4 {[%emt 0:00:01]} d5 {[%emt 0:
00:00]} 3. Nc3 {[%emt 0:00:01]} Bb4 {[%emt 0:00:01]} 4. Bd3 {[%emt 0:00:02]}
Nc6 {[%emt 0:00:15]} 5. a3 {[%emt 0:00:11]} Ba5 {[%emt 0:00:03]} 6. Nge2 {
[%emt 0:00:05]} Nf6 {[%emt 0:00:13]} 7. e5 {[%emt 0:00:02]} Nd7 {[%emt 0:00:01]
} 8. O-O {[%emt 0:00:04]} f6 {[%emt 0:00:09]} 9. exf6 {[%emt 0:00:13]} Qxf6 {
[%emt 0:00:00]} 10. Be3 {[%emt 0:00:05]} O-O {[%emt 0:00:05]} 11. Ng3 {[%emt 0:
00:11]} Qf7 {[%emt 0:00:05]} 12. Nce2 {[%emt 0:00:08]} e5 {[%emt 0:00:03]} 13.
c3 {[%emt 0:00:07]} Bb6 {[%emt 0:00:02]} 14. Bc2 {[%emt 0:00:08]} Nf6 {[%emt 0:
00:07]} 15. h3 {[%emt 0:00:19]} Bd7 {[%emt 0:00:08]} 16. b4 {[%emt 0:00:05]} a6
{[%emt 0:00:04]} 17. Bb3 {[%emt 0:00:03]} Rad8 {[%emt 0:00:02]} 18. Qd2 {[%emt
0:00:02]} h5 {[%emt 0:00:10]} 19. dxe5 {[%emt 0:00:07]} Nxe5 {[%emt 0:00:02]}
20. Bxb6 {[%emt 0:00:02]} cxb6 {[%emt 0:00:00]} 21. Nd4 {[%emt 0:00:04]} h4 {
[%emt 0:00:03]} 22. Nge2 {[%emt 0:00:01]} Ne4 {[%emt 0:00:01]} 23. Qe3 {[%emt
0:00:04]} b5 {[%emt 0:00:15]} 24. f3 {[%emt 0:00:05] Yang Guo resigns} 1-0

[Event "Benidorm Satellite - Final"]
[Site "playchess.com #007059"]
[Date "2009.10.24"]
[Round "4"]
[White "Jiriki"]
[Black "Mateusz-Morfeusz"]
[Result "1-0"]
[WhiteElo "2575"]
[BlackElo "2488"]
[PlyCount "91"]
[EventDate "2009.10.24"]
[EventType "tourn (blitz)"]

1. e4 {[%emt 0:00:01]} e5 {[%emt 0:00:02]} 2. Nf3 {[%emt 0:00:01]} Nc6 {[%emt
0:00:01]} 3. d4 {[%emt 0:00:01]} exd4 {[%emt 0:00:02]} 4. Nxd4 {[%emt 0:00:00]}
Bc5 {[%emt 0:00:01]} 5. Nxc6 {[%emt 0:00:01]} dxc6 {[%emt 0:00:01]} 6. Qxd8+ {
[%emt 0:00:04]} Kxd8 {[%emt 0:00:01]} 7. Nc3 {[%emt 0:00:02]} Ke7 {[%emt 0:00:
01]} 8. Bf4 {[%emt 0:00:02]} Nf6 {[%emt 0:00:03]} 9. Bxc7 {[%emt 0:00:10]} Be6
{[%emt 0:00:03]} 10. Bd3 {[%emt 0:00:10]} Rac8 {[%emt 0:00:10]} 11. Bg3 {[%emt
0:00:01]} Rhd8 {[%emt 0:00:17]} 12. e5 {[%emt 0:00:07]} Nd5 {[%emt 0:00:22]}
13. Bh4+ {[%emt 0:00:02]} f6 {[%emt 0:00:02]} 14. Nxd5+ {[%emt 0:00:15]} Rxd5 {
[%emt 0:00:15]} 15. exf6+ {[%emt 0:00:06]} gxf6 {[%emt 0:00:04]} 16. O-O {
[%emt 0:00:04]} Rg8 {[%emt 0:00:15]} 17. Rae1 {[%emt 0:00:08]} Rh5 {[%emt 0:00:
19]} 18. Bg3 {[%emt 0:00:28]} Bd6 {[%emt 0:00:09]} 19. Bc4 {[%emt 0:00:07]} Be5
{[%emt 0:00:08]} 20. Bxe6 {[%emt 0:00:01]} Kxe6 {[%emt 0:00:02]} 21. f4 {[%emt
0:00:01]} Rd8 {[%emt 0:00:29]} 22. fxe5 {[%emt 0:00:02]} fxe5 {[%emt 0:00:04]}
23. Re2 {[%emt 0:00:03]} Rd4 {[%emt 0:00:19]} 24. Rfe1 {[%emt 0:00:09]} Rd5 {
[%emt 0:00:08]} 25. c4 {[%emt 0:00:02]} Rc5 {[%emt 0:00:04]} 26. b3 {[%emt 0:
00:04]} b5 {[%emt 0:00:14]} 27. Bf2 {[%emt 0:00:02]} bxc4 {[%emt 0:00:13]} 28.
Bxc5 {[%emt 0:00:02]} cxb3 {[%emt 0:00:00]} 29. axb3 {[%emt 0:00:01]} Kd5 {
[%emt 0:00:01]} 30. b4 {[%emt 0:00:02]} a5 {[%emt 0:00:02]} 31. bxa5 {[%emt 0:
00:02]} Kxc5 {[%emt 0:00:02]} 32. Rxe5+ {[%emt 0:00:01]} Rxe5 {[%emt 0:00:01]}
33. Rxe5+ {[%emt 0:00:00]} Kd4 {[%emt 0:00:03]} 34. Rh5 {[%emt 0:00:01]} c5 {
[%emt 0:00:04]} 35. a6 {[%emt 0:00:01]} c4 {[%emt 0:00:01]} 36. Rh4+ {[%emt 0:
00:03]} Kc5 {[%emt 0:00:02]} 37. Rxc4+ {[%emt 0:00:00]} Kb6 {[%emt 0:00:03]}
38. Ra4 {[%emt 0:00:02]} Ka7 {[%emt 0:00:01]} 39. Ra1 {[%emt 0:00:02]} h5 {
[%emt 0:00:01]} 40. h4 {[%emt 0:00:01]} Ka8 {[%emt 0:00:02]} 41. a7 {[%emt 0:
00:01]} Kb7 {[%emt 0:00:03]} 42. a8=Q+ {[%emt 0:00:01]} Kb6 {[%emt 0:00:01]}
43. Qd5 {[%emt 0:00:03]} Kc7 {[%emt 0:00:02]} 44. Rc1+ {[%emt 0:00:02]} Kb6 {
[%emt 0:00:02]} 45. Qb3+ {[%emt 0:00:01]} Ka5 {[%emt 0:00:01]} 46. Ra1# {[%emt
0:00:00]} 1-0